The Duke of Windsor's war / (Record no. 130346)
[ view plain ]
| 000 -LEADER | |
|---|---|
| fixed length control field | 00870cam a2200265 a 4500 |
| 001 - CONTROL NUMBER | |
| control field | 1911691 |
| 003 - CONTROL NUMBER IDENTIFIER | |
| control field | ARRUPE |
| 005 - DATE AND TIME OF LATEST TRANSACTION | |
| control field | 20200212092650.0 |
| 008 - FIXED-LENGTH DATA ELEMENTS--GENERAL INFORMATION | |
| fixed length control field | 840214s1982 enkacf b 001 0beng c |
| 010 ## - LIBRARY OF CONGRESS CONTROL NUMBER | |
| LC control number | 84672279 |
| 020 ## - INTERNATIONAL STANDARD BOOK NUMBER | |
| International Standard Book Number | 0297779478 : |
| Terms of availability | £10.95 |
| 040 ## - CATALOGING SOURCE | |
| Original cataloging agency | MH |
| Transcribing agency | MH |
| Modifying agency | DLC |
| 043 ## - GEOGRAPHIC AREA CODE | |
| Geographic area code | e-uk--- |
| -- | nwbf--- |
| 050 14 - LIBRARY OF CONGRESS CALL NUMBER | |
| Classification number | DA580 |
| Item number | .B53 1982 |
| 300 ## - PHYSICAL DESCRIPTION | |
| Other physical details | ill., ports. ; |
| Dimensions | 24 cm. |
| 100 1# - MAIN ENTRY--PERSONAL NAME | |
| Personal name | Bloch, Michael. |
| 9 (RLIN) | 49499 |
| 245 14 - TITLE STATEMENT | |
| Title | The Duke of Windsor's war / |
| Statement of responsibility, etc | Michael Bloch. |
| 260 ## - PUBLICATION, DISTRIBUTION, ETC. (IMPRINT) | |
| Place of publication, distribution, etc | London : |
| Name of publisher, distributor, etc | Weidenfeld and Nicholson, |
| Date of publication, distribution, etc | c1982. |
| 300 ## - PHYSICAL DESCRIPTION | |
| Extent | xvii, 397 p., [24] p. of plates : |
| 500 ## - GENERAL NOTE | |
| General note | Includes index. |
| 504 ## - BIBLIOGRAPHY, ETC. NOTE | |
| Bibliography, etc | Bibliography: p. 386-388. |
| 600 10 - SUBJECT ADDED ENTRY--PERSONAL NAME | |
| Personal name | Windsor, Edward, |
| Titles and other words associated with a name | Duke of, |
| Dates associated with a name | 1894-1972. |
| 9 (RLIN) | 49500 |
| 600 10 - SUBJECT ADDED ENTRY--PERSONAL NAME | |
| Personal name | Windsor, Wallis Warfield, |
| Titles and other words associated with a name | Duchess of, |
| Dates associated with a name | 1896-1986. |
| 9 (RLIN) | 49501 |
| 906 ## - LOCAL DATA ELEMENT F, LDF (RLIN) | |
| a | 7 |
| b | cbc |
| c | orignew |
| d | u |
| e | ncip |
| f | 19 |
| g | y-gencatlg |
| 942 ## - ADDED ENTRY ELEMENTS (KOHA) | |
| Source of classification or shelving scheme | Library of Congress Classification |
| Koha item type | Monograph ( Printed materials) |
| Withdrawn status | Lost status | Source of classification or shelving scheme | Damaged status | Not for loan | Collection code | Home library | Current library | Shelving location | Date acquired | Total Checkouts | Full call number | Barcode | Date last seen | Price effective from | Koha item type |
|---|---|---|---|---|---|---|---|---|---|---|---|---|---|---|---|
| Library of Congress Classification | Main Collection | ARRUPE LIBRARY | ARRUPE LIBRARY | Main Collection | 12/02/2020 | DA580 .B53 1982 | 46600006453 | 12/02/2020 | 12/02/2020 | Monograph ( Printed materials) |